000 00345nam a2200145Ia 4500
003 OSt
005 20240306095512.0
008 170524s9999 xx 000 0 und d
020 _aNIL
040 _cIIMT UNIVERSITY
100 _aKatiyar- R S (Hindi)
245 0 _aApplied Chemistry
260 _bBharat Bharti Prakashan and Co
942 _2ddc
_c02
999 _c7770
_d7770